Atlantida : elita v hledání nesmrtelnosti /

Hlavní autor: Novych, Anastasija
Jazyk: Čeština
Vydáno: Praha : Ibis, 2023
Vydání: 1. vydání
Témata:
Fyzický popis: 387 stran : ilustrace (převážně barevné), mapy, portréty, faksimile ; 21 cm
Language note: Český text
Knihy
Uloženo v:
LEADER 02685cam a2200769 i 4500
001 nkc20233576853
003 CZ PrNK
005 20240412145505.0
007 ta
008 231130s2023 xr abche f 000 0 czeod
015 |a cnb003576853 
020 |a 978-80-906170-6-3  |q (vázáno) 
035 |a (OCoLC)1433649019 
040 |a CBA001  |b cze  |d BOA001  |e rda 
041 1 |a cze  |h rus 
072 7 |a 00  |x Věda. Všeobecnosti. Základy vědy a kultury. Vědecká práce  |2 Konspekt  |9 12 
080 |a (309)  |2 MRF 
080 |a 316.722(3)  |2 MRF 
080 |a 316.722:001.94  |2 MRF 
080 |a 821(5/6)'01  |2 MRF 
080 |a 821.14'02  |2 MRF 
080 |a 2-264  |2 MRF 
080 |a 930.85  |2 MRF 
080 |a 316.344.42  |2 MRF 
080 |a 129  |2 MRF 
080 |a 316.42"19/20"  |2 MRF 
080 |a (0.062)  |2 MRF 
100 1 |a Novych, Anastasija  |7 hka2011627861  |4 aut 
240 1 0 |a Atlantida.  |l Česky 
245 1 0 |a Atlantida :  |b elita v hledání nesmrtelnosti /  |c Anastasia Novych 
250 |a 1. vydání 
264 1 |a Praha :  |b Ibis,  |c 2023 
300 |a 387 stran :  |b ilustrace (převážně barevné), mapy, portréty, faksimile ;  |c 21 cm 
336 |a text  |b txt  |2 rdacontent 
336 |a statický obraz  |b sti  |2 rdacontent 
337 |a bez média  |b n  |2 rdamedia 
338 |a svazek  |b nc  |2 rdacarrier 
500 |a Přeloženo z ruštiny 
546 |a Český text 
650 0 7 |a Atlantis (mytický ostrov)  |7 ph117346  |2 czenas 
650 0 7 |a starověké civilizace  |7 ph126030  |2 czenas 
650 0 7 |a mytické civilizace  |7 ph123080  |2 czenas 
650 0 7 |a starověké orientální literatury  |7 ph668336  |2 czenas 
650 0 7 |a řecká antická literatura  |7 ph116890  |2 czenas 
650 0 7 |a mýty  |7 ph123146  |2 czenas 
650 0 7 |a dějiny civilizace  |7 ph137927  |2 czenas 
650 0 7 |a elity  |7 ph114463  |2 czenas 
650 0 7 |a nesmrtelnost  |7 ph669149  |2 czenas 
650 0 7 |a postmoderní společnost  |7 ph124410  |2 czenas 
650 0 9 |a Atlantis (legendary place)  |2 eczenas 
650 0 9 |a ancient civilization  |2 eczenas 
650 0 9 |a mythical civilization  |2 eczenas 
650 0 9 |a ancient oriental literatures  |2 eczenas 
650 0 9 |a Greek ancient literature  |2 eczenas 
650 0 9 |a myths  |2 eczenas 
650 0 9 |a history of civilization  |2 eczenas 
650 0 9 |a elites  |2 eczenas 
650 0 9 |a immortality  |2 eczenas 
650 0 9 |a postmodern society  |2 eczenas 
655 7 |a populárně-naučné publikace  |7 fd131864  |2 czenas 
655 9 |a popular works  |2 eczenas 
910 2 |a BOA001  |b 2-1520.163 
920 |a 1278398  |z CBA001 
990 |a BK 
995 |a 01 
991 |b 202402  |c NOV 
996 6 |b 2610960050  |c 2-1520.163  |l MZK  |r Sklad / do 1 hodiny  |n 0  |p p.v.  |w 001952034  |u 000010  |a 1  |e BOA001  |j MZK50  |s P